LIBRARY & INFORMATION CENTRE, KCAET, TAVANUR

ONLINE PUBLIC ACCESS CATALOGUE (OPAC)

Thumbs-Nail sketches / (Record no. 5297)

MARC details
000 -LEADER
fixed length control field 00429cam a2200181ua 4500
041 ## - LANGUAGE CODE
Language code of text/sound track or separate title eng
082 ## - DEWEY DECIMAL CLASSIFICATION NUMBER
Classification number 824
Item number JAG/TH
100 ## - MAIN ENTRY--AUTHOR NAME
Personal name Jagadisan, T S .
245 ## - TITLE STATEMENT
Title Thumbs-Nail sketches /
250 ## - EDITION STATEMENT
Edition statement 1 /
260 ## - PUBLICATION, DISTRIBUTION, ETC. (IMPRINT)
Place of publication Chennai :
Name of publisher S.Viswanathan ,
Year of publication 1946.
300 ## - PHYSICAL DESCRIPTION
Number of Pages 246 ;
Accompanying material Atlas.
942 ## - ADDED ENTRY ELEMENTS (KOHA)
Koha item type Books
Holdings
Withdrawn status Lost status Damaged status Home library Current library Date acquired Cost, normal purchase price Full call number Accession Number Koha item type Public note
Withdrawn     KAUAET Sanskrit University 07/04/2012 4.00 824 7466 Books Transferred to Sanskrit University
free website counter